| 000 -GUIDE |
| Champ de contrôle de longueur fixe |
00885nam a22002177a 4500 |
| 003 - IDENTITÉ DU NUMÉRO DE CONTRÔLE |
| Champ de contrôle |
BI-BuBU |
| 008 - ÉLÉMENTS DE LONGUEUR FIXE - RENSEIGNEMENTS GÉNÉRAUX |
| Champ de contrôle de longueur fixe |
100312t bd||||dr|||| 000 0dfre d |
| 039 ## - NIVEAU DE CONTRÔLE BIBLIOGRAPHIQUE ET HISTORIQUE D'ENCODAGE [OBSOLETE] |
| Date creation |
mgn |
| 040 ## - SOURCE DU CATALOGAGE |
| Organisme qui a effectué le catalogage original |
BI-BuBU |
| Code de la langue utilisée dans le catalogage |
fre |
| Organisme qui a effectué la transcription |
BI-BuBU |
| 080 ## - INDICE DE LA CLASSIFICATION DÉCIMALE UNIVERSELLE (CDU) |
| Indice de la Classification décimale universelle |
635.652. |
| 100 1# - VEDETTE PRINCIPALE - NOM DE PERSONNE |
| Code de relation |
aut |
| Nom de personne |
Godderis,W. |
| 245 1# - MENTION DU TITRE |
| Titre |
Variétés de haricot au Burundi |
| Reste du titre |
Diffusées- Recommandées- proposées |
| Mention de responsabilité, etc. |
W. Godderis, V. Schmit |
| 260 ## - PUBLICATION, DIFFUSION, ETC. (ADRESSE BIBLIOGRAPHIQUE) |
| Lieu de publication, diffusion, etc. |
Bujumbura |
| Nom de l'éditeur, diffuseur, etc. |
ISABU |
| Date of publication, distribution, etc |
1993 |
| 300 ## - DESCRIPTION MATÉRIELLE |
| Collation |
52 p. |
| Autres caractéristiques matérielles |
ill., couv.ill. en coul. |
| Dimensions |
22 cm. |
| 650 #7 - VEDETTE-MATIÈRE - NOM COMMUN |
| Source du terme |
BI-BuBU |
| Vedette de sujet ou vedette comportant un nom géographique |
haricot. Variété |
| Subdivision géographique |
Burundi |
| 9 (RLIN) |
17101 |
| 700 ## - VEDETTE SECONDAIRE - NOM DE PERSONNE |
| Code de relation |
aut |
| Nom d'auteur |
Schmit, V. |
| 9 (RLIN) |
17102 |
| 942 ## - ÉLÉMENTS D'ENTRÉE ADDITIONNELLE (KOHA) |
| Source de la classification ou du système de rangement |
|
| Type d item koha |
BOOK |